[Event "HUN-chT 1819"]
[Site "Hungary"]
[Date "2019.04.27"]
[Round "8.5"]
[White "Szamoskozi, Gabor"]
[Black "Kun, Gabor"]
[Result "1/2-1/2"]
[WhiteElo "2257"]
[BlackElo "2340"]
[PlyCount "143"]
[EventDate "2018.11.17"]
[EventType "team-tourn"]
[EventRounds "9"]
[EventCountry "HUN"]
[SourceTitle "CBM 190 Extra"]
[Source "ChessBase"]
[SourceDate "2019.07.15"]
[SourceVersion "1"]
[SourceVersionDate "2019.07.15"]
[SourceQuality "1"]
[WhiteTeam "Penzugyor"]
[BlackTeam "DVTK"]
[WhiteTeamCountry "HUN"]
[BlackTeamCountry "HUN"]

1. e4 e6 2. d4 d5 3. Nd2 c5 4. exd5 Qxd5 5. Ngf3 cxd4 6. Bc4 Qd7 7. Nb3 Nc6 8. 0-0 a6 9. a4 Nf6 10. Qe2 Qc7 11. Rd1 Bd7 12. Nbxd4 Nxd4 13. Rxd4 Bc5 14. Bf4 Qd8 15. Rd2 0-0 16. Ne5 Qc8 17. Nxd7 Nxd7 18. c3 Nf6 19. Be5 Be7 20. Bb3 Rd8 21. Rxd8+ Qxd8 22. Bc2 Qb6 23. a5 Qc6 24. Rd1 Rd8 25. Rxd8+ Bxd8 26. Qd3 Qd5 27. Bxf6 Qxd3 28. Bxd3 gxf6 29. Be4 b6 30. axb6 Bxb6 31. Kf1 f5 32. Bb7 a5 33. Ke2 Kf8 34. f3 Ke7 35. Kd3 Kd6 36. Kc4 Be3 37. Kb5 Bc1 38. b3 Bd2 39. c4 Bb4 40. Bc6 h6 41. Ba8 Bd2 42. c5+ Kc7 43. Bc6 Kd8 44. Kb6 Be3 45. Bb5 e5 46. Bd3 e4 47. fxe4 fxe4 48. Bxe4 Bg1 49. h3 Bf2 50. g4 f6 51. Kc6 Bg3 52. Bf5 Ke7 53. Kb6 Bf2 54. Kb5 Kd8 55. c6 Kc7 56. Be4 Be1 57. Kc5 Bg3 58. Kd5 Bf4 59. Ke6 Bg5 60. Kf5 Kd6 61. Kg6 Kc7 62. Kh5 Bf4 63. Bg2 Be3 64. Kg6 Bg5 65. Bh1 Kd6 66. Kh5 Bf4 67. h4 Bg3 68. Kxh6 Bxh4 69. Kg6 Kc7 70. Kf5 Bg5 71. Ke6 Bh4 72. Bf3 1/2-1/2

[Event "HUN-chT 1819"]
[Site "Hungary"]
[Date "2019.02.10"]
[Round "5.4"]
[White "Kun, Gabor"]
[Black "Tubak, Daniel"]
[Result "0-1"]
[WhiteElo "2340"]
[BlackElo "2201"]
[PlyCount "80"]
[EventDate "2018.11.17"]
[EventType "team-tourn"]
[EventRounds "9"]
[EventCountry "HUN"]
[SourceTitle "CBM 188 Extra"]
[Source "ChessBase"]
[SourceDate "2019.02.26"]
[SourceVersion "1"]
[SourceVersionDate "2019.02.26"]
[SourceQuality "1"]
[WhiteTeam "DVTK"]
[BlackTeam "Maroczy"]
[WhiteTeamCountry "HUN"]
[BlackTeamCountry "HUN"]

1. e4 e6 2. d4 d5 3. e5 c5 4. c3 Qb6 5. Nf3 Nc6 6. Be2 cxd4 7. cxd4 Nh6 8. Nc3 Nf5 9. Na4 Qa5+ 10. Bd2 Bb4 11. Bc3 Bd7 12. a3 Bxc3+ 13. Nxc3 Rc8 14. 0-0 Qd8 15. Rc1 0-0 16. Na4 Ncxd4 17. Nc5 Nxf3+ 18. Bxf3 Bb5 19. Re1 b6 20. Nb3 Ba4 21. Qd3 Bxb3 22. Qxb3 Nd4 23. Qd3 Nxf3+ 24. Qxf3 Qd7 25. Kf1 Rc7 26. Rxc7 Qxc7 27. g3 Rc8 28. Kg2 Qc2 29. Re2 Qd1 30. Qe3 Rc1 31. Rd2 Qf1+ 32. Kf3 Qh1+ 33. Kf4 Qxh2 34. Qd3 Qh6+ 35. Kf3 Qh5+ 36. Kf4 h6 37. Rc2 Qg5+ 38. Kf3 Rxc2 39. Qxc2 Qxe5 40. Qc8+ Kh7 0-1

[Event "HUN-chT2 Maroczy 1819"]
[Site "Hungary"]
[Date "2018.09.23"]
[Round "1.2"]
[White "Emodi, Barnabas"]
[Black "Kun, Gabor"]
[Result "1/2-1/2"]
[WhiteElo "2351"]
[BlackElo "2334"]
[PlyCount "70"]
[EventDate "2018.09.23"]
[EventType "team-tourn"]
[EventRounds "11"]
[EventCountry "HUN"]
[SourceTitle "EXT 2020"]
[Source "ChessBase"]
[SourceDate "2019.10.17"]
[SourceVersion "1"]
[SourceVersionDate "2019.10.17"]
[SourceQuality "1"]
[WhiteTeam "Debrecen Kwizda"]
[BlackTeam "Lillafured DVTK II"]
[WhiteTeamCountry "HUN"]
[BlackTeamCountry "HUN"]

1. d4 f5 2. Nc3 Nf6 3. Bg5 d5 4. Bxf6 exf6 5. e3 Be6 6. Bd3 Qd7 7. Nge2 Nc6 8. a3 0-0-0 9. Nf4 Bf7 10. h4 g6 11. Bb5 Kb8 12. Qd2 h5 13. 0-0-0 Qd6 14. Bxc6 Qxc6 15. Kb1 Qb6 16. Na4 Qb5 17. Nc3 Qb6 18. Na4 Qb5 19. Nc3 Qa5 20. Na2 Qb6 21. Qc3 Bd6 22. Nd3 Rhe8 23. Nc5 c6 24. Nb4 Re7 25. Ka1 Ka8 26. g3 Rde8 27. Nbd3 Qc7 28. Nf4 Rc8 29. Qd3 Qd8 30. Nb3 Qe8 31. Qe2 Rcc7 32. Nd2 Qg8 33. Rc1 Rcd7 34. Qf3 Rd8 35. c3 Ree8 1/2-1/2

[Event "HUN-chT 1617"]
[Site "Hungary"]
[Date "2017.04.08"]
[Round "8.10"]
[White "Kun, Gabor"]
[Black "Orosz, Andras"]
[Result "1-0"]
[WhiteElo "2359"]
[BlackElo "2334"]
[PlyCount "67"]
[EventDate "2016.10.30"]
[EventType "team-tourn"]
[EventRounds "9"]
[EventCountry "HUN"]
[SourceTitle "EXT 2018"]
[Source "ChessBase"]
[SourceDate "2017.10.13"]
[SourceVersion "1"]
[SourceVersionDate "2017.10.13"]
[SourceQuality "1"]
[WhiteTeam "DVTK"]
[BlackTeam "Dunaharaszti"]
[WhiteTeamCountry "HUN"]
[BlackTeamCountry "HUN"]

1. e4 g6 2. d4 Bg7 3. Nc3 c6 4. Bc4 d6 5. Qf3 e6 6. Nge2 Nd7 7. h4 Ngf6 8. Bg5 h6 9. Be3 b5 10. Bb3 Bb7 11. e5 dxe5 12. Nxb5 Qa5+ 13. Nec3 cxb5 14. Qxb7 Rb8 15. Qf3 0-0 16. 0-0-0 b4 17. Ne4 Nd5 18. h5 Nxe3 19. fxe3 g5 20. d5 Nc5 21. Nxc5 Qxc5 22. dxe6 fxe6 23. Bxe6+ Kh8 24. Qe4 a5 25. Bc4 Qe7 26. Rd5 a4 27. Rhd1 Rb7 28. Rd6 Bf6 29. Re6 Qg7 30. Rdd6 Rbf7 31. g4 Qh7 32. Qc6 Qg7 33. Re8 e4 34. Bxf7 1-0

[Event "HUN-chT 1617"]
[Site "Hungary"]
[Date "2016.11.13"]
[Round "2.9"]
[White "Hajnal, Zoltan"]
[Black "Kun, Gabor"]
[Result "1-0"]
[WhiteElo "2375"]
[BlackElo "2359"]
[PlyCount "105"]
[EventDate "2016.10.30"]
[EventType "team-tourn"]
[EventRounds "9"]
[EventCountry "HUN"]
[SourceTitle "CBM 175 Extra"]
[Source "ChessBase"]
[SourceDate "2016.12.12"]
[SourceVersion "1"]
[SourceVersionDate "2016.12.12"]
[SourceQuality "1"]
[WhiteTeam "Mako Duocor"]
[BlackTeam "DVTK"]
[WhiteTeamCountry "HUN"]
[BlackTeamCountry "HUN"]

1. e4 e6 2. d4 d5 3. Nc3 Nf6 4. Bg5 Be7 5. e5 Nfd7 6. Bxe7 Qxe7 7. f4 Nb6 8. Nf3 Bd7 9. Qd2 c5 10. dxc5 Qxc5 11. Nd4 Nc6 12. Ncb5 0-0 13. 0-0-0 a6 14. Nd6 Nxd4 15. Qxd4 Qc7 16. g4 Nc8 17. Ne4 Ne7 18. Nc3 Nc6 19. Qd2 b5 20. Bd3 b4 21. Ne2 a5 22. Kb1 a4 23. h4 f6 24. exf6 Rxf6 25. h5 Rb8 26. Rdf1 Rff8 27. g5 e5 28. Bxh7+ Kxh7 29. g6+ Kh8 30. h6 Qd6 31. f5 Rxf5 32. hxg7+ Kxg7 33. Qh6+ Kf6 34. Qh4+ Ke6 35. Rxf5 Kxf5 36. Ng3+ Ke6 37. Qg4+ Ke7 38. Qg5+ Qf6 39. Rh7+ Ke6 40. Qg4+ Kd6 41. Rxd7+ Kc5 42. Rf7 Qd8 43. g7 b3 44. cxb3 Qa5 45. Rf1 axb3 46. Rc1+ Kb5 47. a3 Qd8 48. Nf5 Qf6 49. Qf3 Ka4 50. Qxd5 Qxf5+ 51. Ka1 Qg6 52. g8Q Qxg8 53. Qxc6+ 1-0

[Event "HUN-chT 1617"]
[Site "Hungary"]
[Date "2016.10.30"]
[Round "1.9"]
[White "Kun, Gabor"]
[Black "Szeberenyi, Adam"]
[Result "1/2-1/2"]
[WhiteElo "2359"]
[BlackElo "2363"]
[PlyCount "173"]
[EventDate "2016.10.30"]
[EventType "team-tourn"]
[EventRounds "9"]
[EventCountry "HUN"]
[SourceTitle "CBM 175 Extra"]
[Source "ChessBase"]
[SourceDate "2016.12.12"]
[SourceVersion "1"]
[SourceVersionDate "2016.12.12"]
[SourceQuality "1"]
[WhiteTeam "DVTK"]
[BlackTeam "Penzugyor"]
[WhiteTeamCountry "HUN"]
[BlackTeamCountry "HUN"]

1. e4 c5 2. c3 Nf6 3. e5 Nd5 4. d4 cxd4 5. Nf3 d6 6. cxd4 Nc6 7. Bc4 dxe5 8. Nxe5 e6 9. 0-0 Be7 10. Nxc6 bxc6 11. Nc3 0-0 12. Ne4 Qb6 13. b3 Rd8 14. Bb2 Bd7 15. Qf3 Be8 16. Rac1 a5 17. Nc5 Bf6 18. Rfd1 Bg5 19. Rb1 Be7 20. Qg3 Qb8 21. Qh3 Qf4 22. Bc1 Qf6 23. Be3 Nc3 24. Bg5 Qxg5 25. Qxc3 Bxc5 26. dxc5 Qxc5 27. Rd3 Qb4 28. Qc2 Rd6 29. Rxd6 Qxd6 30. Rd1 Qc7 31. Qd2 c5 32. Qd6 Qxd6 33. Rxd6 a4 34. g3 Kf8 35. Rb6 Ke7 36. b4 cxb4 37. Rxb4 a3 38. Rb7+ Kd6 39. Bb5 Bxb5 40. Rxb5 Kc6 41. Rb3 g5 42. h3 f5 43. Kg2 Kd5 44. Kf3 h5 45. Ke3 Ra4 46. Ke2 Kd4 47. Rd3+ Ke5 48. Rb3 h4 49. gxh4 gxh4 50. Kf3 Kf6 51. Rb8 Ke7 52. Rb7+ Kd6 53. Rb6+ Kd5 54. Rb5+ Kd4 55. Rb3 e5 56. Re3 Ra5 57. Rb3 Kc4 58. Ke3 Kd5 59. Kf3 Ra4 60. Rd3+ Ke6 61. Rb3 Kf6 62. Rb8 Rf4+ 63. Ke3 Rc4 64. Rb3 f4+ 65. Kf3 Kf5 66. Rxa3 e4+ 67. Ke2 Rc2+ 68. Ke1 f3 69. Ra8 Re2+ 70. Kf1 Rb2 71. Ke1 Ke5 72. Re8+ Kd5 73. Rd8+ Kc5 74. Rc8+ Kd6 75. Rd8+ Ke7 76. Rh8 Re2+ 77. Kf1 Rxa2 78. Ke1 Re2+ 79. Kf1 Rb2 80. Ke1 Kf6 81. Rxh4 Ke5 82. Rh8 Rb1+ 83. Kd2 Rb2+ 84. Ke1 e3 85. Re8+ Kf4 86. Rf8+ Ke5 87. Re8+ 1/2-1/2

[Event "HUN-chT2 Maroczy 1516"]
[Site "Hungary"]
[Date "2015.11.29"]
[Round "3.2"]
[White "Korpa, Bence"]
[Black "Kun, Gabor"]
[Result "1/2-1/2"]
[WhiteElo "2451"]
[BlackElo "2339"]
[PlyCount "86"]
[EventDate "2015.10.18"]
[EventType "team-tourn"]
[EventRounds "9"]
[EventCountry "HUN"]
[SourceTitle "CBM 170 Extra"]
[Source "ChessBase"]
[SourceDate "2016.02.25"]
[SourceVersion "1"]
[SourceVersionDate "2016.02.25"]
[SourceQuality "1"]
[WhiteTeam "DVTK EMSE"]
[BlackTeam "Magyar Sakkvilag"]
[WhiteTeamCountry "HUN"]
[BlackTeamCountry "HUN"]

1. Nf3 f5 2. d4 Nf6 3. g3 g6 4. Bg2 Bg7 5. 0-0 0-0 6. c4 d6 7. Nc3 Nc6 8. d5 Na5 9. Qd3 e5 10. dxe6 Bxe6 11. Nd5 Ne4 12. Nd2 Nc5 13. Qc2 Nc6 14. Rb1 a5 15. Qd1 Nb4 16. a3 Bxd5 17. cxd5 Na2 18. Qc2 a4 19. b4 axb3 20. Nxb3 Nxc1 21. Rfxc1 b6 22. Nxc5 bxc5 23. a4 Qd7 24. Rb5 Rfb8 25. Rcb1 Rxb5 26. Rxb5 Qe8 27. Bf1 Qe4 28. Qxe4 fxe4 29. Bh3 Bc3 30. Rb3 Bd2 31. Bd7 c4 32. Rb7 Ba5 33. Rb1 Kg7 34. Bc6 Rf8 35. e3 Bd2 36. Ra1 c3 37. a5 c2 38. a6 c1Q+ 39. Rxc1 Bxc1 40. a7 Kf6 41. a8Q Rxa8 42. Bxa8 Ke5 43. Bc6 Bd2 1/2-1/2

[Event "HUN-chT2 Maroczy 1213"]
[Site "Hungary"]
[Date "2013.04.21"]
[Round "11"]
[White "Gelle, Istvan"]
[Black "Kun, Gabor"]
[Result "0-1"]
[WhiteElo "2335"]
[BlackElo "2336"]
[PlyCount "84"]
[EventDate "2012.09.16"]
[EventType "team-tourn"]
[EventRounds "11"]
[EventCountry "HUN"]
[SourceTitle "EXT 2014"]
[Source "ChessBase"]
[SourceDate "2013.11.20"]
[SourceVersion "1"]
[SourceVersionDate "2013.11.20"]
[SourceQuality "1"]
[WhiteTeam "Hobagoly"]
[BlackTeam "Taban Spartacus"]
[WhiteTeamCountry "HUN"]
[BlackTeamCountry "HUN"]

1. d4 e6 2. Bf4 f5 3. e3 Nf6 4. Nf3 Be7 5. h3 0-0 6. Nbd2 b6 7. a4 Bb7 8. Be2 Ne4 9. 0-0 d6 10. c3 Nd7 11. a5 Ndf6 12. Bh2 c5 13. axb6 axb6 14. Qb3 Bd5 15. Qb5 Qc7 16. Bc4 Ra5 17. Rxa5 bxa5 18. Nxe4 fxe4 19. Bxd5 exd5 20. Ng5 Rb8 21. Qxc5 Qd7 22. Qxa5 h6 23. h4 hxg5 24. hxg5 Rb5 25. Qa8+ Qe8 26. Ra1 Rb8 27. Qa2 Ng4 28. Bf4 Qf7 29. f3 exf3 30. gxf3 Nxe3 31. Bxe3 Qxf3 32. Re1 Qg4+ 33. Kf1 Rf8+ 34. Bf2 Qf3 35. b4 Qh1+ 36. Ke2 Rxf2+ 37. Kxf2 Qh2+ 38. Kf3 Qxa2 39. Rxe7 Qc2 40. Rc7 Qf5+ 41. Ke2 Qxg5 42. b5 Qg2+ 0-1

[Event "Tapolca Acs Memorial op"]
[Site "Budapest"]
[Date "2009.08.18"]
[Round "7"]
[White "Kun, Gabor"]
[Black "Sardy, Peter"]
[Result "1-0"]
[WhiteElo "2330"]
[BlackElo "2305"]
[PlyCount "103"]
[EventDate "2009.08.15"]
[EventType "swiss"]
[EventRounds "7"]
[EventCountry "HUN"]
[SourceTitle "EXT 2011"]
[Source "ChessBase"]
[SourceDate "2010.11.26"]
[SourceVersion "1"]
[SourceVersionDate "2010.11.26"]
[SourceQuality "1"]

1. e4 c5 2. c3 e6 3. d4 d5 4. e5 Nc6 5. Nf3 Qb6 6. Be2 cxd4 7. cxd4 Nh6 8. Nc3 Nf5 9. Na4 Bb4+ 10. Bd2 Qa5 11. Bc3 Bxc3+ 12. Nxc3 Qb6 13. Bb5 0-0 14. Bxc6 bxc6 15. Qd2 Rb8 16. b3 f6 17. 0-0 fxe5 18. Na4 Qb4 19. Qxb4 Rxb4 20. dxe5 Nd4 21. Nxd4 Rxd4 22. Rad1 Re4 23. Rfe1 Rxe1+ 24. Rxe1 Rf4 25. f3 Rd4 26. Rc1 Rd2 27. Rxc6 Bd7 28. Rc7 Bb5 29. Nc5 Rd1+ 30. Kf2 Rd2+ 31. Kg1 Rd1+ 32. Kf2 Rd2+ 33. Kg3 Bf1 34. Nxe6 Rxg2+ 35. Kf4 a6 36. Ng5 Kf8 37. Ne6+ Kg8 38. Ng5 Kf8 39. Rf7+ Ke8 40. Rxg7 h6 41. Ne6 Rxh2 42. Nc7+ Kf8 43. Ne6+ Ke8 44. Nc7+ Kf8 45. Rd7 Rxa2 46. e6 Re2 47. Kf5 Re3 48. f4 Bb5 49. Nxb5 axb5 50. Kf6 Ke8 51. Ra7 Kd8 52. e7+ 1-0

[Event "HUN-chT 0506"]
[Site "Hungary"]
[Date "2006.04.23"]
[Round "11"]
[White "Bokros, Albert"]
[Black "Kun, Gabor"]
[Result "1-0"]
[WhiteElo "2426"]
[BlackElo "2307"]
[PlyCount "99"]
[EventDate "2005.10.16"]
[EventType "team"]
[EventRounds "11"]
[EventCountry "HUN"]
[SourceTitle "EXT 2007"]
[Source "ChessBase"]
[SourceDate "2006.11.23"]
[SourceVersion "1"]
[SourceVersionDate "2006.11.23"]
[SourceQuality "1"]

1. e4 e5 2. Nf3 Nf6 3. d3 Nc6 4. g3 Bc5 5. Bg2 d5 6. Nbd2 0-0 7. 0-0 dxe4 8. dxe4 a5 9. Qe2 b6 10. Nb3 Bd6 11. a4 Qe7 12. c4 Ba6 13. Bh3 Rfd8 14. Nh4 Nd4 15. Nxd4 exd4 16. Bg5 Qxe4 17. Qxe4 Nxe4 18. Bxd8 Rxd8 19. Rfd1 Nc5 20. Ra3 Be7 21. Bf1 g6 22. Nf3 Bf6 23. Ne1 Ne4 24. Bd3 Nc5 25. Bf1 Ne4 26. Bd3 Nc5 27. Be2 Ne4 28. Kf1 Kg7 29. Ng2 Nd6 30. b3 g5 31. Bd3 Nb7 32. Raa1 Nc5 33. Rab1 Bb7 34. Ne1 Bc6 35. Bc2 h5 36. Bf5 Be4 37. Bxe4 Nxe4 38. Rbc1 Nc3 39. Nd3 Ne4 40. Re1 Nd2+ 41. Ke2 Ne4 42. Kd1 Nc3+ 43. Kc2 c5 44. Ra1 Rh8 45. Ne5 Re8 46. f4 gxf4 47. gxf4 Bh4 48. Rg1+ Kf6 49. Rg2 Re7 50. Nf3 1-0

[Event "HUN-chT 0506"]
[Site "Hungary"]
[Date "2006.04.09"]
[Round "10"]
[White "Kun, Gabor"]
[Black "Szabo, Krisztian"]
[Result "1/2-1/2"]
[WhiteElo "2307"]
[BlackElo "2469"]
[PlyCount "47"]
[EventDate "2005.10.16"]
[EventType "team"]
[EventRounds "11"]
[EventCountry "HUN"]
[SourceTitle "EXT 2007"]
[Source "ChessBase"]
[SourceDate "2006.11.23"]
[SourceVersion "1"]
[SourceVersionDate "2006.11.23"]
[SourceQuality "1"]

1. e4 c5 2. c3 d5 3. exd5 Qxd5 4. d4 Nf6 5. Nf3 e6 6. Be3 cxd4 7. cxd4 Bb4+ 8. Nc3 0-0 9. Bd3 b6 10. 0-0 Bxc3 11. bxc3 Ba6 12. Bxa6 Nxa6 13. Qe2 Nb8 14. c4 Qb7 15. Ne5 Nbd7 16. Nxd7 Qxd7 17. a4 Rac8 18. a5 Qc6 19. Rfc1 Rfd8 20. axb6 axb6 21. Rab1 Ne4 22. Qf3 h6 23. h3 Re8 24. g3 1/2-1/2

[Event "Papp Bela Memorial 12th"]
[Site "Torokbalint"]
[Date "2005.08.29"]
[Round "9"]
[White "Boros, Denes"]
[Black "Kun, Gabor"]
[Result "1-0"]
[WhiteElo "2443"]
[BlackElo "2306"]
[PlyCount "45"]
[EventDate "2005.08.21"]
[EventType "tourn"]
[EventRounds "9"]
[EventCountry "HUN"]
[EventCategory "7"]
[SourceTitle "EXT 2008"]
[Source "ChessBase"]
[SourceDate "2007.11.25"]
[SourceVersion "1"]
[SourceVersionDate "2007.11.25"]
[SourceQuality "1"]

1. e4 e6 2. d4 d5 3. Nc3 Nf6 4. Bg5 Bb4 5. e5 h6 6. Bd2 Bxc3 7. bxc3 Ne4 8. Qg4 g6 9. Qf4 c5 10. Bd3 Bd7 11. dxc5 Nxd2 12. Qxd2 Nc6 13. Nf3 Qc7 14. Qe3 g5 15. h3 0-0-0 16. Rb1 f6 17. exf6 e5 18. Bb5 e4 19. Nd4 Ne5 20. Bxd7+ Qxd7 21. Qg3 Rhe8 22. Nb5 Qf5 23. Nxa7+ 1-0

[Event "Papp Bela Memorial 12th"]
[Site "Torokbalint"]
[Date "2005.08.25"]
[Round "5"]
[White "Kun, Gabor"]
[Black "Collins, Sam E"]
[Result "1-0"]
[WhiteElo "2306"]
[BlackElo "2413"]
[PlyCount "87"]
[EventDate "2005.08.21"]
[EventType "tourn"]
[EventRounds "9"]
[EventCountry "HUN"]
[EventCategory "7"]
[SourceTitle "EXT 2008"]
[Source "ChessBase"]
[SourceDate "2007.11.25"]
[SourceVersion "1"]
[SourceVersionDate "2007.11.25"]
[SourceQuality "1"]

1. e4 d6 2. d4 Nf6 3. Nc3 e5 4. Nf3 Nbd7 5. Bc4 Be7 6. 0-0 0-0 7. a4 c6 8. Ba2 h6 9. Re1 b6 10. h3 a6 11. dxe5 dxe5 12. Nh4 Nc5 13. Ng6 Be6 14. Bxe6 Nxe6 15. Qxd8 Bxd8 16. Nxf8 Nd4 17. Rd1 Nxc2 18. Rb1 Kxf8 19. Be3 Nxe3 20. fxe3 Be7 21. Kf2 Bb4 22. Kf3 Ke7 23. Rbc1 Bd6 24. Nb1 Rc8 25. Rc2 h5 26. Nd2 b5 27. Ra1 Rc7 28. axb5 axb5 29. Ra6 Kd7 30. Nb3 Nh7 31. h4 g5 32. g3 g4+ 33. Ke2 Nf6 34. Kd3 Bb4 35. Rc1 Ke7 36. Raxc6 Rd7+ 37. Nd4 exd4 38. exd4 Ne8 39. e5 f6 40. Ke4 Ba5 41. R1c5 Be1 42. exf6+ Nxf6+ 43. Kf5 Nd5 44. Re6+ 1-0

[Event "Budapest FS05 GM"]
[Site "Budapest"]
[Date "2005.05.14"]
[Round "8"]
[White "Seger, Ruediger"]
[Black "Kun, Gabor"]
[Result "1/2-1/2"]
[WhiteElo "2416"]
[BlackElo "2336"]
[PlyCount "58"]
[EventDate "2005.05.07"]
[EventType "tourn"]
[EventRounds "11"]
[EventCountry "HUN"]
[EventCategory "8"]
[SourceTitle "CBM 106 Extra"]
[Source "ChessBase"]
[SourceDate "2005.07.01"]
[SourceVersion "1"]
[SourceVersionDate "2005.07.01"]
[SourceQuality "1"]

1. e4 e6 2. d4 d5 3. Nd2 c5 4. exd5 exd5 5. Ngf3 Nf6 6. Bb5+ Bd7 7. Bxd7+ Nbxd7 8. 0-0 Be7 9. dxc5 Nxc5 10. Nb3 Nce4 11. Nfd4 Qd7 12. f3 Nd6 13. Nc5 Qc7 14. Nd3 0-0 15. b3 Rfe8 16. Be3 Nd7 17. Bf2 Bf6 18. Nf4 Re5 19. a4 a6 20. Nd3 Ree8 21. Nb4 Qa5 22. Qd2 Nc5 23. Rae1 Ne6 24. c3 Rac8 25. Rd1 Nxd4 26. Bxd4 Bxd4+ 27. cxd4 Nf5 28. Rfe1 g6 29. Kf2 Kg7 1/2-1/2

[Event "Budapest FS05 GM"]
[Site "Budapest"]
[Date "2005.05.07"]
[Round "1"]
[White "Ilincic, Zlatko"]
[Black "Kun, Gabor"]
[Result "1/2-1/2"]
[WhiteElo "2473"]
[BlackElo "2336"]
[PlyCount "92"]
[EventDate "2005.05.07"]
[EventType "tourn"]
[EventRounds "11"]
[EventCountry "HUN"]
[EventCategory "8"]
[SourceTitle "CBM 106 Extra"]
[Source "ChessBase"]
[SourceDate "2005.07.01"]
[SourceVersion "1"]
[SourceVersionDate "2005.07.01"]
[SourceQuality "1"]

1. d4 f5 2. Nf3 Nf6 3. g3 g6 4. Bg2 Bg7 5. 0-0 0-0 6. c4 d6 7. Nc3 Nc6 8. d5 Na5 9. Qd3 e5 10. dxe6 Bxe6 11. b3 Kh8 12. Bb2 Nc6 13. Nd5 Qd7 14. Bxf6 Bxf6 15. Nxf6 Rxf6 16. Nd4 Raf8 17. Nxe6 Qxe6 18. e3 Qe5 19. f4 Qe7 20. Rfe1 Re8 21. a3 Re6 22. Kf2 Qf6 23. Rac1 h6 24. Qc3 Qxc3 25. Rxc3 Nd8 26. b4 R6e7 27. e4 fxe4 28. Rce3 Kg7 29. Bxe4 c6 30. Bxg6 Rxe3 31. Bxe8 Rxa3 32. h4 Rb3 33. g4 Rxb4 34. g5 Rxc4 35. Kf3 hxg5 36. hxg5 d5 37. f5 Re4 38. Rxe4 dxe4+ 39. Kxe4 a5 40. f6+ Kf8 41. Bh5 a4 42. g6 Ne6 43. Ke5 Ng7 44. Bd1 b5 45. fxg7+ Kxg7 46. Kd6 Kxg6 1/2-1/2

[Event "Budapest Spring op 21st"]
[Site "Budapest"]
[Date "2005.03.26"]
[Round "9"]
[White "Kun, Gabor"]
[Black "Zhang, Jilin"]
[Result "1/2-1/2"]
[WhiteElo "2336"]
[BlackElo "2321"]
[PlyCount "63"]
[EventDate "2005.03.18"]
[EventType "swiss"]
[EventRounds "9"]
[EventCountry "HUN"]
[SourceTitle "CBM 105 Extra"]
[Source "ChessBase"]
[SourceDate "2005.05.01"]
[SourceVersion "1"]
[SourceVersionDate "2005.05.01"]
[SourceQuality "1"]

1. e4 e5 2. Nf3 Nc6 3. c3 Nf6 4. d4 exd4 5. e5 Ne4 6. Qe2 Nc5 7. cxd4 Na6 8. d5 Bb4+ 9. Nbd2 Ne7 10. Qe4 d6 11. Bb5+ Bd7 12. Bxa6 Bxd2+ 13. Bxd2 bxa6 14. 0-0 Bf5 15. Qa4+ Qd7 16. Qxa6 dxe5 17. Nxe5 Qxd5 18. Qa4+ Bd7 19. Nxd7 Qxd7 20. Qe4 0-0 21. Bb4 Rfe8 22. Rfd1 Qe6 23. Qf3 Qc6 24. Qxc6 Nxc6 25. Bc3 Rad8 26. Kf1 f6 27. Rac1 Rxd1+ 28. Rxd1 Kf7 29. b4 a6 30. Rc1 Re6 31. Rb1 Ne7 32. Bd4 1/2-1/2

[Event "Budapest Spring op 21st"]
[Site "Budapest"]
[Date "2005.03.24"]
[Round "7"]
[White "Kun, Gabor"]
[Black "Nguyen, Ngoc Truong Son"]
[Result "1-0"]
[WhiteElo "2336"]
[BlackElo "2520"]
[PlyCount "85"]
[EventDate "2005.03.18"]
[EventType "swiss"]
[EventRounds "9"]
[EventCountry "HUN"]
[SourceTitle "CBM 105 Extra"]
[Source "ChessBase"]
[SourceDate "2005.05.01"]
[SourceVersion "1"]
[SourceVersionDate "2005.05.01"]
[SourceQuality "1"]

1. e4 c5 2. c3 Nf6 3. e5 Nd5 4. d4 cxd4 5. Nf3 Nc6 6. cxd4 g6 7. Qb3 e6 8. Nc3 d6 9. Bg5 Qa5 10. Bb5 Bd7 11. 0-0 Nxc3 12. bxc3 Nxe5 13. Bxd7+ Nxd7 14. Qxb7 Rb8 15. Qc6 Qb6 16. Qa4 Be7 17. Bh6 Bf6 18. Qc2 Qc6 19. c4 Nb6 20. Rac1 d5 21. c5 Nc4 22. Qd3 Ke7 23. Rb1 Rxb1 24. Rxb1 Rc8 25. Nd2 Rc7 26. Nxc4 dxc4 27. Qxc4 Qe4 28. Rd1 g5 29. Qb4 Rb7 30. Qa3 Kd7 31. Rc1 Qc6 32. Qe3 Rb4 33. Bxg5 Bxd4 34. Qd2 Ra4 35. Bf6 Qd5 36. Bxd4 Rxd4 37. Qc2 Qe4 38. c6+ Kc8 39. Qb2 Rb4 40. Qh8+ Kc7 41. Qe8 Qc4 42. Qd7+ Kb6 43. Qb7+ 1-0